[Event "ODJM B 2025"]
[Site "Willingen GER"]
[Date "2025.06.13"]
[Round "8"]
[White "Cilo, Seyyid"]
[Black "Storey, Cameron"]
[Result "0-1"]
[Termination "normal"]
[Board "16"]
[WhiteElo "1717"]
[BlackElo "1712"]
[WhiteClock "00:30:23"]
[BlackClock "00:35:32"]
[PlyCount "112"]
[WhiteFideId "34615938"]
[BlackFideId "343453929"]
[EventCountry "GER"]
[EventRounds "9"]
[EventType "swiss"]
[EventDate "2025.06.07"]

1. c4 {[%clk 01:30:44]} {[%emt 00:00:17]} g6 {[%clk 01:30:52]} {[%emt
00:00:08]} 2. Nf3 {[%clk 01:30:49]} {[%emt 00:00:25]} Bg7 {[%clk 01:31:16]}
{[%emt 00:00:06]} 3. d4 {[%clk 01:31:00]} {[%emt 00:00:19]} d6 {[%clk
01:31:29]} {[%emt 00:00:17]} 4. g3 {[%clk 01:31:17]} {[%emt 00:00:14]} Bd7
{[%clk 01:31:33]} {[%emt 00:00:25]} 5. Bg2 {[%clk 01:30:16]} {[%emt 00:01:32]}
Qc8 {[%clk 01:31:57]} {[%emt 00:00:06]} 6. h4 {[%clk 01:29:42]} {[%emt
00:01:04]} h5 {[%clk 01:31:36]} {[%emt 00:00:50]} 7. Nc3 {[%clk 01:28:08]}
{[%emt 00:02:04]} Nc6 {[%clk 01:31:14]} {[%emt 00:00:52]} 8. Bg5 {[%clk
01:23:30]} {[%emt 00:05:08]} Nf6 {[%clk 01:27:36]} {[%emt 00:04:08]} 9. O-O
{[%clk 01:20:43]} {[%emt 00:03:17]} Bh3 {[%clk 01:23:34]} {[%emt 00:04:32]} 10.
d5 {[%clk 01:19:07]} {[%emt 00:02:07]} Nb8 {[%clk 01:23:46]} {[%emt 00:00:17]}
11. Qd2 {[%emt 00:02:05]} Bxg2 {[%clk 01:24:03]} {[%emt 00:00:06]} 12. Kxg2
{[%clk 01:16:27]} {[%emt 00:01:42]} O-O {[%clk 01:04:38]} {[%emt 00:19:56]} 13.
e4 {[%clk 01:08:33]} {[%emt 00:08:23]} Kh7 {[%clk 01:03:04]} {[%emt 00:02:04]}
14. Rae1 {[%clk 01:06:20]} {[%emt 00:02:43]} Nbd7 {[%clk 01:02:09]} {[%emt
00:01:25]} 15. Nd4 {[%clk 01:01:25]} {[%emt 00:05:25]} c5 {[%clk 00:53:20]}
{[%emt 00:09:19]} 16. Nc2 {[%clk 00:59:54]} {[%emt 00:02:01]} Re8 {[%clk
00:51:39]} {[%emt 00:02:10]} 17. f4 {[%clk 00:57:44]} {[%emt 00:02:41]} Ng4
{[%clk 00:50:55]} {[%emt 00:01:14]} 18. f5 {[%clk 00:57:04]} {[%emt 00:01:10]}
Nde5 {[%clk 00:50:31]} {[%emt 00:00:54]} 19. b3 {[%clk 00:48:55]} {[%emt
00:08:40]} Qd7 {[%clk 00:43:51]} {[%emt 00:07:09]} 20. Ne3 {[%clk 00:47:35]}
{[%emt 00:01:50]} Nxe3+ {[%clk 00:43:23]} {[%emt 00:00:57]} 21. Rxe3 {[%clk
00:46:47]} {[%emt 00:01:18]} Ng4 {[%clk 00:42:35]} {[%emt 00:01:18]} 22. Ref3
{[%clk 00:46:32]} {[%emt 00:00:45]} f6 {[%clk 00:42:59]} {[%emt 00:00:07]} 23.
Be3 {[%clk 00:44:08]} {[%emt 00:02:54]} Bh6 {[%clk 00:42:51]} {[%emt 00:00:38]}
24. fxg6+ {[%clk 00:43:45]} {[%emt 00:00:53]} Kxg6 {[%clk 00:43:08]} {[%emt
00:00:12]} 25. Bxh6 {[%clk 00:44:10]} Nxh6 {[%clk 00:43:31]} {[%emt 00:00:13]}
26. Ne2 {[%clk 00:44:21]} {[%emt 00:00:19]} Rg8 {[%clk 00:38:50]} {[%emt
00:05:10]} 27. Nf4+ {[%clk 00:42:42]} {[%emt 00:02:09]} Kf7 {[%clk 00:38:04]}
{[%emt 00:01:16]} 28. Nxh5 {[%clk 00:41:40]} {[%emt 00:01:33]} Ng4 {[%clk
00:38:26]} {[%emt 00:00:08]} 29. Rf5 {[%clk 00:37:38]} {[%emt 00:04:32]} b5
{[%clk 00:37:29]} {[%emt 00:01:27]} 30. cxb5 {[%clk 00:28:28]} {[%emt
00:09:41]} Qxb5 {[%clk 00:37:52]} {[%emt 00:00:06]} 31. Kh3 {[%clk 00:28:21]}
{[%emt 00:00:37]} Rac8 {[%clk 00:36:20]} {[%emt 00:02:02]} 32. R1f4 {[%clk
00:15:55]} {[%emt 00:12:57]} Ne5 {[%clk 00:27:52]} {[%emt 00:08:57]} 33. Qd1
{[%clk 00:06:34]} {[%emt 00:09:51]} Rg6 {[%clk 00:25:59]} {[%emt 00:02:23]} 34.
Nxf6 {[%clk 00:03:30]} {[%emt 00:03:35]} exf6 {[%clk 00:24:50]} {[%emt
00:01:38]} 35. Qh5 {[%clk 00:02:00]} {[%emt 00:02:00]} Kg7 {[%clk 00:24:50]}
{[%emt 00:00:30]} 36. Rxf6 {[%clk 00:01:56]} {[%emt 00:00:34]} Rxf6 {[%clk
00:25:04]} {[%emt 00:00:16]} 37. Qg5+ {[%clk 00:01:20]} {[%emt 00:01:07]} Rg6
{[%clk 00:24:58]} {[%emt 00:00:35]} 38. Qe7+ {[%clk 00:01:32]} {[%emt
00:00:18]} Kh6 {[%clk 00:24:35]} {[%emt 00:00:53]} 39. h5 {[%clk 00:01:14]}
{[%emt 00:00:48]} Qd7+ {[%clk 00:17:09]} {[%emt 00:07:56]} 40. Qxd7 {[%clk
00:00:53]} {[%emt 00:00:51]} Nxd7 {[%clk 00:17:35]} {[%emt 00:00:04]} 41. hxg6
{[%clk 00:00:49]} {[%emt 00:00:34]} Kxg6 {[%clk 00:16:38]} {[%emt 00:01:26]}
42. Kg2 {[%clk 00:29:52]} {[%emt 00:01:27]} Rf8 {[%clk 00:46:07]} {[%emt
00:01:02]} 43. Rg4+ {[%clk 00:29:52]} {[%emt 00:00:30]} Kf6 {[%clk 00:46:31]}
{[%emt 00:00:05]} 44. Kf2 {[%clk 00:29:57]} {[%emt 00:00:26]} Rf7 {[%clk
00:46:22]} {[%emt 00:00:38]} 45. Ke3 {[%clk 00:29:31]} {[%emt 00:00:57]} Ne5
{[%clk 00:46:28]} {[%emt 00:00:24]} 46. Rg8 {[%clk 00:29:23]} {[%emt 00:00:39]}
Rg7 {[%clk 00:38:51]} {[%emt 00:08:05]} 47. Rf8+ {[%clk 00:29:48]} {[%emt
00:00:06]} Rf7 {[%clk 00:35:04]} {[%emt 00:04:17]} 48. Ra8 {[%clk 00:29:50]}
{[%emt 00:00:28]} Rb7 {[%clk 00:34:53]} {[%emt 00:00:41]} 49. Rd8 {[%clk
00:30:02]} {[%emt 00:00:18]} Ke7 {[%clk 00:35:10]} {[%emt 00:00:12]} 50. Rh8
{[%clk 00:30:17]} {[%emt 00:00:16]} Rb6 {[%clk 00:34:31]} {[%emt 00:01:09]} 51.
Rh7+ {[%clk 00:30:28]} {[%emt 00:00:19]} Nf7 {[%clk 00:34:58]} {[%emt
00:00:03]} 52. g4 {[%clk 00:30:24]} {[%emt 00:00:34]} Kf6 {[%clk 00:34:39]}
{[%emt 00:00:49]} 53. Rh5 {[%clk 00:29:36]} {[%emt 00:01:18]} Ra6 {[%clk
00:34:50]} {[%emt 00:00:19]} 54. Rf5+ {[%clk 00:29:53]} {[%emt 00:00:13]} Kg6
{[%clk 00:34:56]} {[%emt 00:00:24]} 55. Rf2 {[%clk 00:30:12]} {[%emt 00:00:11]}
Ne5 {[%clk 00:35:10]} {[%emt 00:00:16]} 56. Kf4 {[%clk 00:30:23]} {[%emt
00:00:19]} Nd3+ {[%clk 00:35:32]} {[%emt 00:00:08]} 0-1

[Event "ODJM B 2025"]
[Site "Willingen GER"]
[Date "2025.06.13"]
[Round "8"]
[White "Schöne, Finn"]
[Black "Klemm, Julian"]
[Result "1-0"]
[Termination "normal"]
[Board "18"]
[WhiteElo "1843"]
[BlackElo "1540"]
[WhiteClock "00:05:14"]
[BlackClock "00:13:51"]
[PlyCount "75"]
[WhiteFideId "34623493"]
[BlackFideId "533001901"]
[EventCountry "GER"]
[EventRounds "9"]
[EventType "swiss"]
[EventDate "2025.06.07"]

1. d4 {[%clk 01:30:58]} {[%emt 00:00:01]} Nf6 {[%clk 01:30:48]} {[%emt
00:00:12]} 2. Nc3 {[%clk 01:31:21]} {[%emt 00:00:07]} d5 {[%clk 01:31:07]}
{[%emt 00:00:11]} 3. Bf4 {[%clk 01:31:47]} {[%emt 00:00:04]} c6 {[%clk
01:31:23]} {[%emt 00:00:14]} 4. e3 {[%clk 01:32:11]} {[%emt 00:00:06]} Bf5
{[%clk 01:31:42]} {[%emt 00:00:10]} 5. f3 {[%clk 01:32:35]} {[%emt 00:00:07]}
Nbd7 {[%clk 01:31:56]} {[%emt 00:00:16]} 6. g4 {[%clk 01:33:02]} {[%emt
00:00:03]} Bg6 {[%clk 01:32:09]} {[%emt 00:00:18]} 7. h4 {[%clk 01:33:24]}
{[%emt 00:00:07]} h6 {[%clk 01:32:20]} {[%emt 00:00:19]} 8. Bd3 {[%clk
01:33:45]} {[%emt 00:00:09]} Bxd3 {[%clk 01:32:27]} {[%emt 00:00:23]} 9. Qxd3
{[%clk 01:34:01]} {[%emt 00:00:14]} e6 {[%clk 01:32:42]} {[%emt 00:00:16]} 10.
Nge2 {[%clk 01:34:20]} {[%emt 00:00:10]} c5 {[%clk 01:32:46]} {[%emt 00:00:26]}
11. dxc5 {[%clk 01:32:48]} {[%emt 00:02:02]} Bxc5 {[%clk 01:32:30]} {[%emt
00:00:46]} 12. O-O-O {[%clk 01:32:15]} {[%emt 00:01:02]} Qe7 {[%clk 01:26:44]}
{[%emt 00:06:17]} 13. Kb1 {[%clk 01:23:54]} {[%emt 00:08:50]} e5 {[%clk
01:15:29]} {[%emt 00:11:46]} 14. g5 {[%clk 01:11:19]} {[%emt 00:13:04]} exf4
{[%clk 01:03:40]} {[%emt 00:12:20]} 15. gxf6 {[%clk 01:11:16]} {[%emt
00:00:33]} Nxf6 {[%clk 01:03:11]} {[%emt 00:00:58]} 16. Qb5+ {[%clk 01:09:38]}
{[%emt 00:02:09]} Kf8 {[%clk 00:59:39]} {[%emt 00:04:03]} 17. Nxd5 {[%clk
01:01:19]} {[%emt 00:08:48]} a6 {[%clk 00:52:10]} {[%emt 00:07:59]} 18. Qb3
{[%clk 00:55:06]} {[%emt 00:06:42]} Nxd5 {[%clk 00:49:12]} {[%emt 00:03:29]}
19. Rxd5 {[%clk 00:55:18]} {[%emt 00:00:17]} Rd8 {[%clk 00:40:33]} {[%emt
00:09:11]} 20. Nxf4 {[%clk 00:53:50]} {[%emt 00:01:57]} b6 {[%clk 00:35:22]}
{[%emt 00:05:41]} 21. Rhd1 {[%clk 00:40:46]} {[%emt 00:13:32]} Rxd5 {[%clk
00:32:13]} {[%emt 00:03:41]} 22. Nxd5 {[%clk 00:40:26]} {[%emt 00:00:49]} Qe6
{[%clk 00:31:45]} {[%emt 00:00:58]} 23. e4 {[%clk 00:38:25]} {[%emt 00:02:32]}
Kg8 {[%clk 00:30:52]} {[%emt 00:01:23]} 24. Qd3 {[%clk 00:32:09]} {[%emt
00:06:46]} a5 {[%clk 00:29:19]} {[%emt 00:02:03]} 25. f4 {[%clk 00:17:11]}
{[%emt 00:15:27]} Kh7 {[%clk 00:27:22]} {[%emt 00:02:28]} 26. e5+ {[%clk
00:17:19]} {[%emt 00:00:22]} Qg6 {[%clk 00:27:04]} {[%emt 00:00:47]} 27. f5
{[%clk 00:17:37]} {[%emt 00:00:13]} Qg4 {[%clk 00:26:16]} {[%emt 00:01:18]} 28.
f6+ {[%clk 00:16:49]} {[%emt 00:01:18]} Qg6 {[%clk 00:26:00]} {[%emt 00:00:46]}
29. Qf3 {[%clk 00:13:52]} {[%emt 00:03:22]} Rd8 {[%clk 00:24:07]} {[%emt
00:02:28]} 30. h5 {[%clk 00:06:09]} {[%emt 00:08:13]} Qg5 {[%clk 00:23:16]}
{[%emt 00:01:21]} 31. fxg7 {[%clk 00:06:05]} {[%emt 00:00:33]} Kxg7 {[%clk
00:20:52]} {[%emt 00:02:54]} 32. Rf1 {[%clk 00:06:29]} {[%emt 00:00:07]} Rd7
{[%clk 00:19:50]} {[%emt 00:01:32]} 33. Nf6 {[%clk 00:06:07]} {[%emt 00:00:51]}
Re7 {[%clk 00:19:22]} {[%emt 00:00:59]} 34. e6 {[%clk 00:05:50]} {[%emt
00:00:46]} Qe5 {[%clk 00:14:49]} {[%emt 00:05:04]} 35. Qg4+ {[%clk 00:04:16]}
{[%emt 00:02:03]} Qg5 {[%clk 00:14:36]} {[%emt 00:00:44]} 36. Qe4 {[%clk
00:04:24]} {[%emt 00:00:18]} Rxe6 {[%clk 00:13:28]} {[%emt 00:01:42]} 37. Qh7+
{[%clk 00:04:49]} {[%emt 00:00:05]} Kf8 {[%clk 00:13:51]} {[%emt 00:00:08]} 38.
Nd7+ {[%clk 00:05:14]} {[%emt 00:00:04]} 1-0

[Event "ODJM B 2025"]
[Site "Willingen GER"]
[Date "2025.06.13"]
[Round "8"]
[White "Ensslen, Jakob"]
[Black "Wilke, Ronja"]
[Result "0-1"]
[Termination "normal"]
[Board "19"]
[WhiteElo "1682"]
[BlackElo "1585"]
[WhiteClock "00:01:20"]
[BlackClock "00:58:36"]
[PlyCount "94"]
[WhiteFideId "34640258"]
[BlackFideId "16288378"]
[EventCountry "GER"]
[EventRounds "9"]
[EventType "swiss"]
[EventDate "2025.06.07"]

1. e4 {[%clk 01:30:55]} {[%emt 00:00:04]} c6 {[%clk 01:30:54]} {[%emt
00:00:07]} 2. d4 {[%clk 01:31:22]} {[%emt 00:00:04]} d5 {[%clk 01:31:18]}
{[%emt 00:00:06]} 3. Nc3 {[%clk 01:31:46]} {[%emt 00:00:04]} dxe4 {[%clk
01:31:41]} {[%emt 00:00:08]} 4. Nxe4 {[%clk 01:32:09]} {[%emt 00:00:05]} Bf5
{[%clk 01:32:04]} {[%emt 00:00:09]} 5. Ng3 {[%clk 01:32:28]} {[%emt 00:00:11]}
Bg6 {[%clk 01:32:25]} {[%emt 00:00:09]} 6. N1e2 {[%clk 01:32:53]} {[%emt
00:00:05]} h6 {[%clk 01:28:44]} {[%emt 00:04:12]} 7. Nf4 {[%clk 01:32:32]}
{[%emt 00:00:50]} Bh7 {[%clk 01:28:37]} {[%emt 00:00:37]} 8. Bc4 {[%clk
01:32:03]} {[%emt 00:00:59]} Nf6 {[%clk 01:25:31]} {[%emt 00:03:37]} 9. O-O
{[%clk 01:31:22]} {[%emt 00:01:11]} Nbd7 {[%clk 01:23:01]} {[%emt 00:02:59]}
10. Re1 {[%clk 01:28:51]} {[%emt 00:03:01]} Nb6 {[%clk 01:22:24]} {[%emt
00:01:07]} 11. Bb3 {[%clk 01:28:06]} {[%emt 00:01:16]} Nbd5 {[%clk 01:22:02]}
{[%emt 00:00:51]} 12. c4 {[%clk 01:25:58]} {[%emt 00:02:38]} Nxf4 {[%clk
01:21:34]} {[%emt 00:00:58]} 13. Bxf4 {[%clk 01:26:17]} {[%emt 00:00:10]} e6
{[%clk 01:21:13]} {[%emt 00:00:52]} 14. d5 {[%clk 01:22:52]} {[%emt 00:03:55]}
Bb4 {[%clk 01:18:42]} {[%emt 00:03:02]} 15. Re2 {[%clk 01:18:22]} {[%emt
00:05:00]} Qe7 {[%clk 01:15:46]} {[%emt 00:03:26]} 16. dxe6 {[%clk 01:09:50]}
{[%emt 00:09:02]} fxe6 {[%clk 01:15:36]} {[%emt 00:00:40]} 17. a3 {[%clk
01:01:25]} {[%emt 00:08:55]} Rd8 {[%clk 01:14:02]} {[%emt 00:02:03]} 18. Qc1
{[%clk 00:46:32]} {[%emt 00:15:24]} Bc5 {[%clk 01:12:56]} {[%emt 00:01:35]} 19.
Qe1 {[%clk 00:42:40]} {[%emt 00:04:22]} Kf7 {[%clk 01:12:35]} {[%emt 00:00:51]}
20. Bc2 {[%clk 00:29:13]} {[%emt 00:13:57]} Bxc2 {[%clk 01:10:09]} {[%emt
00:02:56]} 21. Rxc2 {[%clk 00:29:29]} {[%emt 00:00:15]} g5 {[%clk 01:09:33]}
{[%emt 00:01:05]} 22. Be5 {[%clk 00:25:24]} {[%emt 00:04:35]} Bd4 {[%clk
01:08:37]} {[%emt 00:01:26]} 23. Re2 {[%clk 00:23:30]} {[%emt 00:02:24]} Bxe5
{[%clk 01:06:16]} {[%emt 00:02:51]} 24. Rxe5 {[%clk 00:23:44]} {[%emt
00:00:15]} Qd6 {[%clk 01:05:40]} {[%emt 00:00:55]} 25. Qe2 {[%clk 00:18:52]}
{[%emt 00:05:34]} Rhe8 {[%clk 01:04:43]} {[%emt 00:01:26]} 26. Re1 {[%clk
00:18:46]} {[%emt 00:00:37]} Qd2 {[%clk 01:02:13]} {[%emt 00:02:59]} 27. Rxe6
{[%clk 00:14:33]} {[%emt 00:04:45]} Qxe1+ {[%clk 01:01:59]} {[%emt 00:00:42]}
28. Qxe1 {[%clk 00:14:00]} {[%emt 00:01:04]} Rxe6 {[%clk 01:01:06]} {[%emt
00:01:23]} 29. Qc1 {[%clk 00:12:24]} {[%emt 00:02:06]} Red6 {[%clk 01:00:48]}
{[%emt 00:00:47]} 30. Nf1 {[%clk 00:12:32]} {[%emt 00:00:22]} Rd1 {[%clk
01:00:40]} {[%emt 00:00:38]} 31. Qc2 {[%clk 00:12:14]} {[%emt 00:00:50]} Re1
{[%clk 01:00:08]} {[%emt 00:00:59]} 32. c5 {[%clk 00:11:39]} {[%emt 00:01:07]}
Rdd1 {[%clk 00:59:54]} {[%emt 00:00:43]} 33. Qc4+ {[%clk 00:12:00]} {[%emt
00:00:10]} Kg6 {[%clk 00:59:08]} {[%emt 00:01:16]} 34. b4 {[%clk 00:11:57]}
{[%emt 00:00:33]} Rxf1+ {[%clk 00:59:24]} {[%emt 00:00:14]} 35. Qxf1 {[%clk
00:12:23]} {[%emt 00:00:04]} Rxf1+ {[%clk 00:59:46]} {[%emt 00:00:08]} 36. Kxf1
{[%clk 00:12:51]} {[%emt 00:00:02]} Nd5 {[%clk 00:59:52]} {[%emt 00:00:24]} 37.
Ke2 {[%clk 00:11:33]} {[%emt 00:01:48]} Nc3+ {[%clk 00:59:56]} {[%emt
00:00:26]} 38. Kd3 {[%clk 00:11:35]} {[%emt 00:00:28]} Nb5 {[%clk 01:00:07]}
{[%emt 00:00:19]} 39. a4 {[%clk 00:11:10]} {[%emt 00:00:56]} Nc7 {[%clk
00:59:41]} {[%emt 00:00:56]} 40. Kc4 {[%clk 00:06:21]} {[%emt 00:05:18]} a6
{[%clk 00:59:46]} {[%emt 00:00:25]} 41. f3 {[%clk 00:03:52]} {[%emt 00:02:59]}
Kf5 {[%clk 00:59:45]} {[%emt 00:00:31]} 42. g3 {[%clk 00:03:57]} {[%emt
00:00:26]} Nd5 {[%clk 00:59:44]} {[%emt 00:00:30]} 43. b5 {[%clk 00:03:36]}
{[%emt 00:00:52]} a5 {[%clk 00:58:15]} {[%emt 00:01:59]} 44. h3 {[%clk
00:03:10]} {[%emt 00:00:55]} Ne3+ {[%clk 00:58:02]} {[%emt 00:00:43]} 45. Kd4
{[%clk 00:02:42]} {[%emt 00:00:58]} Nf1 {[%clk 00:57:59]} {[%emt 00:00:34]} 46.
g4+ {[%clk 00:00:55]} {[%emt 00:02:17]} Kf4 {[%clk 00:58:20]} {[%emt 00:00:08]}
47. b6 {[%clk 00:01:20]} {[%emt 00:00:05]} Nd2 {[%clk 00:58:36]} {[%emt
00:00:14]} 0-1

[Event "ODJM B 2025"]
[Site "Willingen GER"]
[Date "2025.06.13"]
[Round "8"]
[White "Wilmink, Luca"]
[Black "He, Saiqi"]
[Result "1/2-1/2"]
[Termination "normal"]
[Board "20"]
[WhiteElo "1779"]
[BlackElo "1700"]
[WhiteClock "01:14:33"]
[BlackClock "01:24:32"]
[PlyCount "42"]
[WhiteFideId "16245253"]
[BlackFideId "16292723"]
[EventCountry "GER"]
[EventRounds "9"]
[EventType "swiss"]
[EventDate "2025.06.07"]

1. e4 {[%clk 01:30:57]} {[%emt 00:00:03]} e5 {[%clk 01:30:27]} {[%emt
00:00:33]} 2. Nf3 {[%clk 01:31:16]} {[%emt 00:00:11]} Nc6 {[%emt 00:00:21]} 3.
d4 {[%clk 01:31:37]} exd4 {[%clk 01:31:10]} {[%emt 00:00:04]} 4. Bc4 {[%clk
01:31:59]} {[%emt 00:00:09]} Nf6 {[%clk 01:30:52]} {[%emt 00:00:48]} 5. O-O
{[%clk 01:31:59]} {[%emt 00:00:29]} Nxe4 {[%clk 01:30:35]} {[%emt 00:00:47]} 6.
Re1 {[%clk 01:32:19]} {[%emt 00:00:10]} d5 {[%clk 01:31:00]} {[%emt 00:00:05]}
7. Bxd5 {[%clk 01:32:41]} {[%emt 00:00:08]} Qxd5 {[%clk 01:31:25]} {[%emt
00:00:05]} 8. Nc3 {[%clk 01:33:05]} {[%emt 00:00:06]} Qh5 {[%clk 01:30:05]}
{[%emt 00:01:50]} 9. Nxe4 {[%clk 01:33:24]} {[%emt 00:00:12]} Be6 {[%clk
01:30:12]} {[%emt 00:00:23]} 10. Nxd4 {[%clk 01:27:15]} {[%emt 00:06:38]} Qxd1
{[%clk 01:30:28]} {[%emt 00:00:14]} 11. Rxd1 {[%clk 01:27:29]} {[%emt
00:00:15]} O-O-O {[%clk 01:30:54]} {[%emt 00:00:05]} 12. Be3 {[%clk 01:27:38]}
{[%emt 00:00:21]} Nxd4 {[%clk 01:31:18]} {[%emt 00:00:06]} 13. Bxd4 {[%clk
01:26:05]} {[%emt 00:02:03]} Bf5 {[%clk 01:29:46]} {[%emt 00:02:01]} 14. f3
{[%clk 01:25:05]} {[%emt 00:01:32]} f6 {[%clk 01:28:06]} {[%emt 00:02:09]} 15.
c3 {[%clk 01:24:38]} {[%emt 00:00:57]} b6 {[%clk 01:27:36]} {[%emt 00:01:01]}
16. b4 {[%clk 01:23:48]} {[%emt 00:01:20]} Bxe4 {[%clk 01:26:10]} {[%emt
00:01:55]} 17. fxe4 {[%clk 01:23:55]} {[%emt 00:00:23]} Bd6 {[%clk 01:26:33]}
{[%emt 00:00:06]} 18. g3 {[%clk 01:16:42]} {[%emt 00:07:44]} Rhe8 {[%clk
01:25:29]} {[%emt 00:01:33]} 19. Re1 {[%clk 01:16:37]} {[%emt 00:00:36]} Re6
{[%clk 01:25:43]} {[%emt 00:00:15]} 20. Re2 {[%clk 01:14:31]} {[%emt 00:02:37]}
Rde8 {[%clk 01:25:47]} {[%emt 00:00:27]} 21. Rae1 {[%clk 01:14:33]} {[%emt
00:00:27]} Kb7 {[%clk 01:24:32]} {[%emt 00:01:45]} 1/2-1/2

[Event "ODJM B 2025"]
[Site "Willingen GER"]
[Date "2025.06.13"]
[Round "8"]
[White "Stelter, Finja"]
[Black "Rempe, Mieke"]
[Result "1/2-1/2"]
[Termination "normal"]
[Board "22"]
[WhiteElo "1730"]
[BlackElo "1779"]
[WhiteClock "00:46:21"]
[BlackClock "00:23:39"]
[PlyCount "45"]
[WhiteFideId "16298624"]
[BlackFideId "16202384"]
[EventCountry "GER"]
[EventRounds "9"]
[EventType "swiss"]
[EventDate "2025.06.07"]

1. e4 {[%clk 01:30:57]} {[%emt 00:00:02]} c6 {[%clk 01:30:56]} {[%emt
00:00:05]} 2. d4 {[%clk 01:31:15]} {[%emt 00:00:12]} d5 {[%clk 01:31:22]}
{[%emt 00:00:05]} 3. e5 {[%clk 01:30:38]} {[%emt 00:01:07]} Bf5 {[%clk
01:31:46]} {[%emt 00:00:05]} 4. Nf3 {[%clk 01:30:05]} {[%emt 00:01:03]} e6
{[%clk 01:32:09]} {[%emt 00:00:07]} 5. c3 {[%clk 01:27:58]} {[%emt 00:02:36]}
Nd7 {[%clk 01:28:41]} {[%emt 00:03:59]} 6. Bg5 {[%clk 01:25:11]} {[%emt
00:03:16]} Be7 {[%clk 01:26:53]} {[%emt 00:02:18]} 7. Bxe7 {[%clk 01:23:50]}
{[%emt 00:01:51]} Nxe7 {[%clk 01:26:20]} {[%emt 00:01:03]} 8. Nh4 {[%clk
01:23:11]} {[%emt 00:01:10]} Bg6 {[%clk 01:22:07]} {[%emt 00:04:43]} 9. Nxg6
{[%clk 01:19:35]} {[%emt 00:04:05]} Nxg6 {[%clk 01:21:24]} {[%emt 00:01:13]}
10. Nd2 {[%clk 01:18:45]} {[%emt 00:01:20]} O-O {[%clk 01:15:05]} {[%emt
00:06:49]} 11. g3 {[%clk 01:17:12]} {[%emt 00:02:03]} Qb6 {[%clk 01:06:23]}
{[%emt 00:09:12]} 12. Qb3 {[%clk 01:13:21]} {[%emt 00:04:21]} Qc7 {[%clk
01:05:49]} {[%emt 00:01:04]} 13. f4 {[%emt 00:04:32]} c5 {[%clk 00:55:41]}
{[%emt 00:10:29]} 14. Nf3 {[%clk 01:07:50]} {[%emt 00:02:07]} f6 {[%clk
00:49:24]} {[%emt 00:06:49]} 15. Bg2 {[%clk 01:03:58]} {[%emt 00:04:22]} fxe5
{[%clk 00:46:13]} {[%emt 00:03:40]} 16. fxe5 {[%clk 01:00:36]} {[%emt
00:03:52]} cxd4 {[%clk 00:37:20]} {[%emt 00:09:23]} 17. cxd4 {[%clk 00:54:29]}
{[%emt 00:06:37]} Qa5+ {[%clk 00:32:52]} {[%emt 00:04:58]} 18. Qc3 {[%clk
00:54:08]} {[%emt 00:00:50]} Qxc3+ {[%clk 00:33:10]} {[%emt 00:00:14]} 19. bxc3
{[%clk 00:54:37]} {[%emt 00:00:01]} Rac8 {[%clk 00:33:33]} {[%emt 00:00:06]}
20. Rc1 {[%clk 00:54:02]} {[%emt 00:01:05]} Nb6 {[%clk 00:33:16]} {[%emt
00:00:48]} 21. Ng5 {[%clk 00:50:28]} {[%emt 00:04:02]} Rc6 {[%clk 00:24:03]}
{[%emt 00:09:45]} 22. Rf1 {[%clk 00:46:06]} {[%emt 00:04:51]} Rxf1+ {[%clk
00:23:39]} {[%emt 00:00:54]} 23. Bxf1 {[%clk 00:46:21]} {[%emt 00:00:16]}
1/2-1/2

[Event "ODJM B 2025"]
[Site "Willingen GER"]
[Date "2025.06.13"]
[Round "8"]
[White "Yang, Markus"]
[Black "Moldovan, Tatiana"]
[Result "1/2-1/2"]
[Termination "normal"]
[Board "23"]
[WhiteElo "1706"]
[BlackElo "1780"]
[WhiteClock "00:55:22"]
[BlackClock "01:07:05"]
[PlyCount "44"]
[WhiteFideId "16206550"]
[BlackFideId "16287398"]
[EventCountry "GER"]
[EventRounds "9"]
[EventType "swiss"]
[EventDate "2025.06.07"]

1. e4 {[%clk 01:30:58]} {[%emt 00:00:02]} c5 {[%clk 01:30:55]} {[%emt
00:00:05]} 2. c3 {[%clk 01:31:15]} {[%emt 00:00:12]} d5 {[%clk 01:31:15]}
{[%emt 00:00:11]} 3. e5 {[%clk 01:31:36]} {[%emt 00:00:09]} e6 {[%clk
01:31:15]} {[%emt 00:00:30]} 4. d4 {[%clk 01:31:58]} {[%emt 00:00:08]} a6
{[%clk 01:31:09]} {[%emt 00:00:37]} 5. a4 {[%clk 01:31:24]} {[%emt 00:01:02]}
Ne7 {[%clk 01:30:05]} {[%emt 00:01:35]} 6. Nf3 {[%clk 01:31:06]} {[%emt
00:00:47]} Ng6 {[%clk 01:30:05]} {[%emt 00:00:31]} 7. Bd3 {[%clk 01:30:50]}
{[%emt 00:00:45]} c4 {[%clk 01:29:29]} {[%emt 00:01:07]} 8. Bc2 {[%clk
01:30:32]} {[%emt 00:00:47]} Bd7 {[%clk 01:29:33]} {[%emt 00:00:27]} 9. O-O
{[%clk 01:28:25]} {[%emt 00:02:36]} Be7 {[%clk 01:27:17]} {[%emt 00:02:47]} 10.
Nbd2 {[%clk 01:24:58]} {[%emt 00:03:57]} Nc6 {[%clk 01:24:13]} {[%emt
00:03:34]} 11. b4 {[%clk 01:20:11]} {[%emt 00:05:16]} b5 {[%clk 01:24:23]}
{[%emt 00:00:20]} 12. a5 {[%clk 01:19:47]} {[%emt 00:00:54]} Qc7 {[%clk
01:22:42]} {[%emt 00:02:11]} 13. Ne1 {[%clk 01:17:13]} {[%emt 00:03:04]} O-O-O
{[%clk 01:22:41]} {[%emt 00:00:32]} 14. f4 {[%clk 01:16:56]} {[%emt 00:00:47]}
Nh4 {[%clk 01:21:50]} {[%emt 00:01:21]} 15. Rf2 {[%clk 01:14:39]} {[%emt
00:02:46]} h5 {[%clk 01:20:43]} {[%emt 00:01:37]} 16. Nf1 {[%clk 01:14:08]}
{[%emt 00:01:01]} g6 {[%clk 01:17:22]} {[%emt 00:03:52]} 17. Ng3 {[%clk
01:10:33]} {[%emt 00:04:04]} Rdf8 {[%clk 01:13:30]} {[%emt 00:04:23]} 18. Nf3
{[%clk 01:07:34]} {[%emt 00:03:28]} Nf5 {[%clk 01:11:24]} {[%emt 00:02:37]} 19.
Nxf5 {[%clk 01:04:41]} {[%emt 00:03:23]} exf5 {[%clk 01:09:07]} {[%emt
00:02:47]} 20. h4 {[%clk 01:02:49]} {[%emt 00:02:22]} Be6 {[%clk 01:09:23]}
{[%emt 00:00:14]} 21. Ng5 {[%clk 00:55:50]} {[%emt 00:07:28]} Bxg5 {[%clk
01:07:05]} {[%emt 00:02:49]} 22. fxg5 {[%clk 00:55:22]} {[%emt 00:00:58]} Ne7
{[%emt 00:04:29]} 1/2-1/2